000 00311nam a22001337a 4500
008 170714b xxu||||| |||| 00| 0 eng d
020 _a067520849103
041 _aeng
080 _a101
100 _a24
101 _aFIL
245 _aclassic phiCLASSIC PHILOSOPHICAL QUESTIONS
_cGOULD, J.A
942 _2udc
_cBK
999 _c20785
_d20785